NINJALKAY (Record no. 1664)
[ view plain ]
| 000 -LEADER | |
|---|---|
| fixed length control field | 00280nam a22001217a 4500 |
| 082 ## - DEWEY DECIMAL CLASSIFICATION NUMBER | |
| Classification number | 894.812.3 |
| Item number | THO/N |
| 100 ## - MAIN ENTRY--AUTHOR NAME | |
| Personal name | THOMAS, SHINI V |
| 245 ## - TITLE STATEMENT | |
| Title | NINJALKAY |
| Remainder of title | BALASAHITHYAM |
| 260 ## - PUBLICATION, DISTRIBUTION, ETC. (IMPRINT) | |
| Place of publication | THIRUVALLA |
| Name of publisher | THAMANNA |
| 300 ## - PHYSICAL DESCRIPTION | |
| Number of Pages | 40 |
| 650 ## - SUBJECT ADDED ENTRY--TOPICAL TERM | |
| Topical Term | MALAYALAM SHORT STORY |
| Geographic subdivision | KERALA |
| 942 ## - ADDED ENTRY ELEMENTS (KOHA) | |
| Koha item type | Books |
| Withdrawn status | Lost status | Collection code | Home library | Current library | Shelving location | Date acquired | Source of acquisition | Cost, normal purchase price | Full call number | Accession Number | Koha item type |
|---|---|---|---|---|---|---|---|---|---|---|---|
| Fiction | Main Library | Main Library | SHELF-6D- MALAYALAM SHORT STORIES | 15/04/2035 | PURCHASE | 25.00 | 894.812.3 THO/N | 04090 | Books |